Harry Potter In 99 Seconds Lyric Quiz - Statistics

General Stats
  • This quiz has been taken 66 times
  • The average score is 155 of 235
Answer Stats
Answer % Correct
Harry
97%
A
89%
Boy
89%
He
89%
The
89%
Hermione
86%
Named
86%
Ron
86%
Once
84%
There
84%
Voldemort
84%
Was
84%
Who
84%
And
81%
Dumbledore
81%
To
81%
I
78%
His
76%
Be
73%
Him
73%
Hogwarts
73%
Killed
73%
Scar
73%
Were
73%
By
70%
For
70%
In
70%
Is
70%
Lightning
70%
Parents
70%
So
70%
Destined
68%
Draco
68%
Gave
68%
McGonagall
68%
No
68%
Quirrell
68%
Star
68%
Break
65%
Daddy’s
65%
Ginny’s
65%
Goes
65%
Gone
65%
Gryffindor
65%
Meets
65%
Now
65%
Play
65%
Wand
65%
Becomes
62%
Chamber
62%
Danger
62%
Destroyed
62%
Mortal
62%
Secret
62%
Stone
62%
Unemployed
62%
Breaks
59%
Inside
59%
It
59%
Of
59%
Prisoner
59%
Requires
59%
Riddle
59%
Snake
59%
Sorcerers
59%
Tom
59%
Tournament
59%
At
57%
Aunt
57%
Back
57%
Blows
57%
Get
57%
Harry’s
57%
Hides
57%
Marge
57%
One
57%
School
57%
Sirius
57%
They
57%
Triwizard
57%
With
57%
As
54%
Azkaban
54%
Cullen
54%
Don’t
54%
Dragons
54%
Edward
54%
Either
54%
End
54%
Gets
54%
Ginormous
54%
Godfather
54%
He’s
54%
Ignoring
54%
Lupin
54%
Man
54%
Mermaids
54%
Oh
54%
Really
54%
Take
54%
Up
54%
Voldemort’s
54%
Why
54%
Your
54%
Can
51%
Charge
51%
Come
51%
Constant
51%
Contact
51%
Dead
51%
Dementors
51%
Forced
51%
Getting
51%
Happens
51%
Into
51%
It’s
51%
Kids
51%
Leave
51%
Ministry
51%
Slayed
51%
Time
51%
Umbridge
51%
Wolf
51%
Attempts
49%
Bad
49%
But
49%
Death
49%
Draco’s
49%
Dumbledore’s
49%
Good
49%
Large
49%
Parts
49%
Put
49%
Rat’s
49%
Revolutionary
49%
Save
49%
Scary
49%
Seven
49%
Soul
49%
Split
49%
Tool
49%
Use
49%
Between
46%
Black’s
46%
Breath
46%
Constantly
46%
Duel
46%
Final
46%
Horcruxes
46%
Just
46%
Whole
46%
You’re
46%
May
43%
They’re
43%
Arrives
41%
Conquered
41%
Travel
41%
No matching quizzes found
Score Distribution
Percent of People with Each Score
Percentile by Number Answered
Your Score History
You have not taken this quiz